La Primera cartografia geològica subvencionada per una institució catalana (1869 - 1870) / Enric Aragonés i Valls
Descripción Física:
p. 13 a 44 ; 24 cm
MARC
| LEADER | 00000nam a2200000Ia 4500 | ||
|---|---|---|---|
| 001 | 10055 | ||
| 008 | 160829s1992 xx 000 0 cat d | ||
| 080 | |a FU-11-25 | ||
| 100 | |a Aragonés i Valls, Enric |9 23682 | ||
| 245 | |a La Primera cartografia geològica subvencionada per una institució catalana (1869 - 1870) / Enric Aragonés i Valls | ||
| 260 | |a Barcelona : |b Ajuntament, |c 1992 | ||
| 300 | |a p. 13 a 44 ; |c 24 cm | ||
| 590 | |a Separata de 'Treballs del Museu de Geologia de Barcelona', 2: 13-44 (1992) | ||
| 650 | |a Geologia |x Mapes |x Barcelona (Província) |x S. XIX |9 23683 | ||
| 710 | 1 | |a Barcelona (Catalunya). |b Ajuntament |9 50981 | |
| 901 | |a Arxiu | ||
| 942 | |n 1 | ||
| 952 | |0 0 |1 0 |4 0 |6 FU1125 |7 1 |9 42807 |a Arxiu |b Arxiu |d 2016-12-01 |l 0 |o FU-11-25 |p 10055 |r 2016-12-01 00:00:00 |w 2016-12-01 |y ARXIU | ||
| 999 | |c 45313 |d 45313 | ||